|
|
|
|
| LEADER |
00000nam0a2200000 4500 |
| 001 |
345653 |
| 005 |
20231102005810.0 |
| 010 |
|
|
|a 9785001312666
|
| 035 |
|
|
|a (RuTPU)RU\TPU\book\377503
|
| 090 |
|
|
|a 345653
|
| 100 |
|
|
|a 20210203d2020 m y0rusy50 ca
|
| 101 |
1 |
|
|a rus
|c swe
|
| 102 |
|
|
|a RU
|
| 105 |
|
|
|a y z 000ay
|
| 200 |
1 |
|
|a Здесь была Бритт-Мари
|e пер. с швед.
|f Ф. Бакман
|g пер. Е. Тепляшиной
|
| 210 |
|
|
|a Москва
|c Синдбад
|d 2020
|
| 215 |
|
|
|a 409 с.
|
| 330 |
|
|
|a Бритт-Мари — не самый легкий в общении человек. Не то чтобы она была как-то особенно упряма, капризна или придирчива — просто свято уверена, что всегда, везде и во всем должен быть абсолютный порядок. Но весь порядок рушится в одно мгновение, когда Бритт-Мари узнает, что Кент, с которым они сорок лет прожили в образцовом браке, изменил ей. Она принимает удивительное для самой себя решение — собрать чемодан и уехать куда глаза глядят. В захолустном провинциальном городишке с не очень приветливым населением Бритт-Мари придется налаживать новую жизнь. Которая окажется совершенно непохожей на прежнюю.
|
| 606 |
1 |
|
|a Шведская литература
|2 stltpush
|3 (RuTPU)RU\TPU\subj\19122
|9 44428
|
| 610 |
1 |
|
|a художественная литература
|
| 610 |
1 |
|
|a проза
|
| 675 |
|
|
|a 839.7
|v 4
|
| 700 |
|
1 |
|a Бакман
|b Ф.
|g Фредрик
|
| 702 |
|
1 |
|a Тепляшина
|b Е.
|g Елена
|4 730
|
| 801 |
|
1 |
|a RU
|b 63413507
|c 20210203
|
| 801 |
|
2 |
|a RU
|b 63413507
|c 20210311
|g RCR
|
| 942 |
|
|
|c BK
|